[Event "Gaia Profigaia op 18th"]
[Site "Vila Nova de Gaia"]
[Date "2018.06.29"]
[Round "3"]
[White "Paiva, Rodrigo Garcia"]
[Black "Vieira, Pedro"]
[Result "0-1"]
[WhiteElo "1110"]
[BlackElo "1406"]
[PlyCount "66"]
[EventDate "2018.06.27"]
[EventType "swiss"]
[EventRounds "7"]
[EventCountry "POR"]
[SourceTitle "CBM 185 Extra"]
[Source "ChessBase"]
[SourceDate "2018.07.29"]
[SourceVersion "1"]
[SourceVersionDate "2018.07.29"]
[SourceQuality "1"]

1. d4 Nf6 2. c4 e6 3. Nf3 c5 4. d5 exd5 5. cxd5 d6 6. Nc3 Be7 7. e4 0-0 8. Bd3 Bg4 9. 0-0 Nbd7 10. Bf4 a6 11. Qe2 Re8 12. h3 Bh5 13. Qe3 b5 14. Ne2 Bf8 15. Ng3 Nxd5 16. Qd2 Nxf4 17. Qxf4 Bxf3 18. Qxf3 Qf6 19. Qxf6 Nxf6 20. Rfe1 Rad8 21. a4 c4 22. Bc2 b4 23. Rac1 Rc8 24. Nf5 c3 25. b3 Rcd8 26. f3 d5 27. exd5 Rxd5 28. Rxe8 Nxe8 29. Re1 Nf6 30. Ne3 Bc5 31. Kf2 Rd2+ 32. Re2 Nd5 33. Rxd2 Bxe3+ 0-1

[Event "POR-ch Amateur U1600"]
[Site "Vila Nova de Gaia"]
[Date "2017.09.23"]
[Round "5"]
[White "Areal, Maria Beatriz Moura"]
[Black "Vieira, Pedro"]
[Result "0-1"]
[WhiteElo "1068"]
[BlackElo "1328"]
[PlyCount "112"]
[EventDate "2017.09.20"]
[EventType "swiss"]
[EventRounds "5"]
[EventCountry "POR"]
[SourceTitle "EXT 2019"]
[Source "ChessBase"]
[SourceDate "2018.10.10"]
[SourceVersion "1"]
[SourceVersionDate "2018.10.10"]
[SourceQuality "1"]

1. e4 c5 2. Nc3 e6 3. d3 Nc6 4. Be3 d5 5. exd5 exd5 6. d4 cxd4 7. Bxd4 Nxd4 8. Qxd4 Nf6 9. Nf3 Be7 10. Be2 Bf5 11. Qd2 0-0 12. 0-0 Bb4 13. a3 Bxc3 14. Qxc3 Rc8 15. Qb3 Rxc2 16. Bd3 Bxd3 17. Qxd3 Rxb2 18. Rfd1 Qb6 19. Re1 Ne4 20. Rab1 Nxf2 21. Rxb2 Nxd3+ 22. Rxb6 axb6 23. Rb1 Rc8 24. h3 Rc1+ 25. Rxc1 Nxc1 26. Kf2 Kf8 27. Ke3 Ke7 28. Kd4 Kd6 29. Ng5 f6 30. Nxh7 Ke7 31. Kxd5 Kf7 32. Kd6 Kg8 33. Nxf6+ gxf6 34. Kc7 b5 35. Kxb7 Na2 36. Kc6 b4 37. axb4 Nxb4+ 38. Kd6 Kf7 39. h4 Nc2 40. h5 Ne3 41. h6 Nf5+ 42. Kd5 Nxh6 43. Ke4 Kg6 44. Kf4 Kh5 45. g3 f5 46. Kf3 Kg5 47. Kf2 Kg4 48. Kg2 Nf7 49. Kh2 Nd6 50. Kg2 Ne4 51. Kg1 Kxg3 52. Kf1 f4 53. Kg1 f3 54. Kf1 Nd2+ 55. Kg1 f2+ 56. Kh1 f1R# 0-1

[Event "Guimaraes op"]
[Site "Guimaraes"]
[Date "2017.09.02"]
[Round "1"]
[White "Vieira, Pedro"]
[Black "Silva, David Miguel Da"]
[Result "0-1"]
[WhiteElo "1328"]
[BlackElo "2245"]
[PlyCount "52"]
[EventDate "2017.09.02"]
[EventType "swiss"]
[EventRounds "7"]
[EventCountry "POR"]
[SourceTitle "CBM 180 Extra"]
[Source "ChessBase"]
[SourceDate "2017.10.06"]
[SourceVersion "1"]
[SourceVersionDate "2017.10.06"]
[SourceQuality "1"]

1. e4 e5 2. Nf3 Nc6 3. Bb5 a6 4. Ba4 Nf6 5. 0-0 b5 6. Bb3 Be7 7. Re1 0-0 8. c3 d6 9. h3 Nb8 10. d4 Nbd7 11. dxe5 dxe5 12. Bd5 Rb8 13. Be3 Nxd5 14. Qxd5 Bb7 15. Qd3 f5 16. Ng5 Bxg5 17. Bxg5 Qxg5 18. Qxd7 Bxe4 19. g3 Qh5 20. Re3 Rbd8 21. Qe6+ Kh8 22. Rxe4 Qd1+ 23. Kg2 fxe4 24. Qg4 Rxf2+ 25. Kxf2 Rf8+ 26. Ke3 Qd3# 0-1

[Event "Famalicao op 5th"]
[Site "Famalicao"]
[Date "2017.08.05"]
[Round "9"]
[White "Vieira, Pedro"]
[Black "Guimaraes, Alvaro JE"]
[Result "0-1"]
[WhiteElo "1258"]
[BlackElo "1859"]
[PlyCount "94"]
[EventDate "2017.07.29"]
[EventType "swiss"]
[EventRounds "9"]
[EventCountry "POR"]
[SourceTitle "EXT 2018"]
[Source "ChessBase"]
[SourceDate "2017.10.13"]
[SourceVersion "1"]
[SourceVersionDate "2017.10.13"]
[SourceQuality "1"]

1. e4 e6 2. d4 d5 3. Nd2 Be7 4. Ngf3 dxe4 5. Nxe4 Nf6 6. Nc3 0-0 7. Bd3 Nbd7 8. 0-0 c5 9. Bf4 cxd4 10. Nb5 Nd5 11. Bg3 Qb6 12. Rb1 Bf6 13. Bc4 Qc5 14. b3 e5 15. Qe2 N5b6 16. Nd2 a6 17. b4 Qc6 18. Na3 Na4 19. Ne4 b5 20. Bd3 Re8 21. Nxf6+ Nxf6 22. Qe1 e4 23. Be2 Bb7 24. Rd1 Rad8 25. f3 Nc3 26. Ra1 exf3 27. Bxf3 Rxe1 28. Bxc6 Rxf1+ 29. Kxf1 Bxc6 30. Be1 Nfe4 31. Nb1 Nd5 32. Nd2 Ne3+ 33. Kg1 Nxc2 34. Rc1 d3 35. Nxe4 Bxe4 36. Bd2 f5 37. Kf2 h6 38. g3 g5 39. h3 Kf7 40. Kf1 Ke6 41. Kf2 Kd5 42. Kf1 Rc8 43. Kf2 Rc4 44. Rb1 Na3 45. Rb3 Nc2 46. a3 Nd4 47. Rc3 Nf3 0-1

[Event "Gaia Profigaia op 17th"]
[Site "Vila Nova de Gaia"]
[Date "2017.06.18"]
[Round "7"]
[White "Vieira, Pedro"]
[Black "Pipiras, Filipa Fortuna"]
[Result "0-1"]
[WhiteElo "1256"]
[BlackElo "1641"]
[PlyCount "96"]
[EventDate "2017.06.14"]
[EventType "swiss"]
[EventRounds "7"]
[EventCountry "POR"]
[SourceTitle "CBM 179 Extra"]
[Source "ChessBase"]
[SourceDate "2017.08.23"]
[SourceVersion "1"]
[SourceVersionDate "2017.08.23"]
[SourceQuality "1"]

1. e4 e5 2. Nf3 Nc6 3. Bb5 a6 4. Ba4 Nf6 5. 0-0 Be7 6. Nc3 b5 7. Bb3 0-0 8. Re1 d6 9. h3 Na5 10. Nd5 Nxd5 11. Bxd5 c6 12. Bb3 Nxb3 13. axb3 f5 14. d4 exd4 15. Qxd4 Be6 16. Bf4 c5 17. Qd3 Rf7 18. Red1 fxe4 19. Qxe4 Bf5 20. Qc6 Bxc2 21. Rd2 Rxf4 22. Rxc2 Qc8 23. Qxc8+ Rxc8 24. Rxa6 Rb4 25. Nd2 d5 26. Ra7 Bf6 27. Rd7 Rd4 28. Kf1 c4 29. bxc4 bxc4 30. b3 c3 31. Nf3 Rb4 32. Rxd5 Rxb3 33. Ke2 Rb2 34. Kd3 Rcb8 35. Nd4 R8b4 36. Rxc3 Rxf2 37. Rc8+ Kf7 38. Rd7+ Kg6 39. Ne6 Rb3+ 40. Ke4 Re2+ 41. Kd5 Re5+ 42. Kc4 Rb1 43. Rc5 Rxe6 44. Kd5 Re5+ 45. Kc6 Rxc5+ 46. Kxc5 Rc1+ 47. Kb5 Rc2 48. g4 Rc3 0-1

[Event "POR-ch U14"]
[Site "Luso"]
[Date "2017.04.11"]
[Round "6"]
[White "Vieira, Pedro"]
[Black "Ferreira, Alvaro Francisco"]
[Result "1-0"]
[WhiteElo "1232"]
[BlackElo "1051"]
[PlyCount "35"]
[EventDate "2017.04.08"]
[EventType "swiss"]
[EventRounds "8"]
[EventCountry "POR"]
[SourceTitle "EXT 2018"]
[Source "ChessBase"]
[SourceDate "2017.10.13"]
[SourceVersion "1"]
[SourceVersionDate "2017.10.13"]
[SourceQuality "1"]

1. e4 e5 2. Nf3 Nc6 3. Bb5 Nd4 4. Nxd4 exd4 5. 0-0 Qg5 6. d3 Qxb5 7. Na3 Bxa3 8. bxa3 Nf6 9. Bf4 0-0 10. Bxc7 Qc5 11. e5 Ne8 12. Bd8 Qxe5 13. Re1 Qd6 14. Be7 Qg6 15. Bxf8 Kxf8 16. Qe2 Nf6 17. Qe7+ Kg8 18. Qd8+ 1-0